| 000 | 00958nam a2200241 a 4500 | ||
|---|---|---|---|
| 003 | MX-MxUPN | ||
| 005 | 20240203063637.0 | ||
| 008 | 220922t2011 mx a||||rb||| 000 0 spa d | ||
| 020 | _a9786070226090 | ||
| 040 |
_aMX-MxUPN _bspa _cMX-MxUPN |
||
| 041 | 0 | _aspa | |
| 050 | 1 | 4 |
_aLB2342.2 M4 _bM46 2011 |
| 100 | 1 |
_aMendoza Rojas, Javier _929304 |
|
| 245 | 1 | 0 |
_aFinanciamiento público de la educación superior en México : _bfuentes de información y cifras del periodo 2000 a 2011 |
| 250 | _aPrimera edición. | ||
| 260 |
_aMéxico, D.F. : _bUniversidad Nacional Autónoma de México, Dirección General de Evaluación Institucional, _c©2011. |
||
| 300 |
_a96 páginas : _bilustraciones. |
||
| 490 | 0 |
_aCuadernos de trabajo de la Dirección General de Evaluación Institucional ; _v6 |
|
| 504 | _aIncluye referencias bibliográficas. | ||
| 650 | 4 |
_aEducación superior _zMéxico _xFinanzas _918500 |
|
| 902 | _aVíctor Ruiz/220922 | ||
| 942 |
_2lcc _cLIBRO |
||
| 999 |
_c208864 _d208864 |
||